Política y liderazgo / (Registro nro. 37013)

Detalles MARC
000 -CABECERA
Longitud fija campo de control 01216nam a2200241 4500
003 - • IDENTIFICADOR DELl NÚMERO DE CONTROL
Identificador del número de control CO-ViMGA
008 - • CÓDIGOS DE INFORMACIÓN DE LONGITUD FIJA
Códigos de información de longitud fija 160714s2009 ck g v|spa d
040 ## - FUENTE DE LA CATALOGACIÓN
Centro catalogador de origen CO-ViMGA
Lengua de catalogación spa
Centro transcriptor CO-ViMGA
082 04 - • NÚMERO DE LA CLASIFICACIÓN DECIMAL DEWEY
Número de clasificación (R) 324.22
Número del ítem 221
245 10 - • TITULO PROPIAMENTE DICHO
Título Política y liderazgo /
Mención de responsabilidad, etc. narrators Thom Kikot, Leyna Juliet Weber.
Medio [videodisco digital] /
250 ## - • MENCIÓN DE EDICIÓN
Mención de edición Editor Margaret Noble, Jonathan Moser, Daniel Landi.
300 ## - • DESCRIPCIÓN FÍSICA
Extensión 1 DVD (ca. 60 min.) :
Otras características físicas sonido, color
Material Anexo 12 cm.
490 ## - • MENCIÓN DE SERIE
Mención de serie Discovery en la escuela
500 ## - • NOTA GENERAL
Nota general Dolby Digital.
500 ## - • NOTA GENERAL
Nota general Grados 4-5, 6-8.
500 ## - • NOTA GENERAL
Nota general Multizona.
520 ## - • NOTA DE RESUMEN
Resumen, etc, La influencia de "El príncipe" de Maquiavelo en la forma en que un líder de gobernar, las grandes conquistas de Alejandro Magno; los habitantes y el terrible invierno ruso derrotan a Napoleón y la influencia de la ilustración de la revolución y declaración de independencia de los Estados Unidos.
650 14 - • PUNTO DE ACCESO ADICIONAL DE MATERIA - TÉRMINO DE MATERIA
Término de materia o nombre geográfico como elemento inicial Administración pública
Subdivisión de forma Documentales
-- Videodiscos digitales.
650 14 - • PUNTO DE ACCESO ADICIONAL DE MATERIA - TÉRMINO DE MATERIA
Término de materia o nombre geográfico como elemento inicial Ciencia política
Subdivisión de forma Documentales
-- Videodiscos digitales.
650 14 - • PUNTO DE ACCESO ADICIONAL DE MATERIA - TÉRMINO DE MATERIA
Término de materia o nombre geográfico como elemento inicial Liderazgo político
Subdivisión de forma Documentales
-- Videodiscos digitales.
942 ## - ENTRADA DE ELEMENTOS AGREGADOS (KOHA)
Fuente de clasificaión o esquema Dewey Decimal Classification
Koha [por defecto] tipo de item CD
Existencias
Perdido Fuente de clasificación o esquema Estado Físico No para préstamo Forma de adquisición Localización permanente Localización actual Fecha adquisición Préstamos totales Signatura completa Código de barras Fecha última consulta Fecha del precio de reemplazo Tipo de item de Koha Localización en estanterías Número de copia
  Dewey Decimal Classification     Colección General Biblioteca Pública San Carlos de Guaroa - Eduardo Carranza Biblioteca Pública San Carlos de Guaroa - Eduardo Carranza 07/22/2024   324.22 D37p SG01969 07/22/2024 07/22/2024 DVD General Ej.1
  Dewey Decimal Classification     Sala Especializada Tercer Piso Biblioteca Pública Germán Arciniegas - Villavicencio Biblioteca Pública Germán Arciniegas - Villavicencio 09/01/2019   324.22 D37p 331304 05/09/2018 05/09/2018 CD    









Instituto Departamental de Cultura del Meta - Red Departamental de Bibliotecas Públicas del Meta.